00000000nas 2200000za 4500
0019.842745
003CaOODSP
00520221107152405
007cr |||||||||||
008170830d20172019oncar p o    f0   a0eng| 
022 |a2561-1879
040 |aCaOODSP|beng
043 |an-cn---
0861 |aD95-4E-PDF
1101 |aCanada. |bOffice of the Communications Security Establishment Commissioner.
222 0|aDepartmental results report |b(Canada. Office of the Communications Security Establishment Commissioner)
24510|aDepartmental results report |h[electronic resource] / |cOffice of the Communications Security Establishment Commissioner.
260 |a[Ottawa] : |bOffice of the Communications Security Establishment Commissioner, |c[2017]-
310 |aAnnual
3621 |aBegan with: 2016/2017; ceased with 2018/2019.
500 |aIssued also in French under title: Rapport sur les résultats ministériels.
580 |aSplit into: Departmental results report (Office of the Intelligence Commissioner); and, Departmental results report (National Security and Intelligence Review Agency).
69207|2gccst|aCommunications
69207|2gccst|aSecurity
69207|2gccst|aPerformance assessment
77508|tRapport sur les résultats ministériels |w(CaOODSP)9.842747
78000|tDepartmental performance report |w(CaOODSP)9.506577
78500|tDepartmental results report.|w(CaOODSP)9.889376
78500|tDepartmental results report.|w(CaOODSP)9.891260